मुद्राराक्षस / (Record no. 48454)

MARC details
000 -LEADER
fixed length control field 03507nam a22003977a 4500
005 - DATE AND TIME OF LATEST TRANSACTION
control field 2010101908158.0
008 - FIXED-LENGTH DATA ELEMENTS--GENERAL INFORMATION
fixed length control field 101019t xxu||||| |||| 00| 0 hin d
010 ## - LCCN (DPL NO)
LC control number HIN-90896 B-440113-122
020 ## - INTERNATIONAL STANDARD BOOK NUMBER
International Standard Book Number 8180730646
Terms of availability 225.00
035 ## - SYSTEM CONTROL NUMBER
System control number HN-63242 B-440113-122
037 ## - SOURCE OF ACQUISITION
Source of stock number/acquisition DBAD / PUB
037 ## - SOURCE OF ACQUISITION
Source of stock number/acquisition RBC
040 ## - CATALOGING SOURCE
Original cataloging agency DPL
Language of cataloging HN
082 ## - DEWEY DECIMAL CLASSIFICATION NUMBER
Classification number 822
100 ## - MAIN ENTRY--PERSONAL NAME
9 (RLIN) 23632
Personal name दत्त, विशाख
245 ## - TITLE STATEMENT
Title मुद्राराक्षस /
Statement of responsibility, etc विशाख दत्त ;भारतेन्दु हरिश्चन्द्र द्वारा अनुदित
246 ## - VARYING FORM OF TITLE
Title proper/short title Mudra Rakshak
Remainder of title by Bharatendu Harishchandra
260 ## - PUBLICATION, DISTRIBUTION, ETC. (IMPRINT)
Place of publication, distribution, etc दिल्ली
Name of publisher, distributor, etc नालंदा प्रकाशन
Date of publication, distribution, etc 2010
270 ## - ADDRESS
Address 29/502, ईस्ट एण्ड अपार्टमैट्स, मयूर विहार एक्सटेंशन, फेस-1
City दिल्ली
Postal code 110096
Telephone number 22742291
300 ## - PHYSICAL DESCRIPTION
Extent 133पृ.
Dimensions 22सेमी (सजिल्द)
650 ## - SUBJECT ADDED ENTRY--TOPICAL TERM
9 (RLIN) 657
Topical term or geographic name as entry element हिन्दी नाटक
700 ## - ADDED ENTRY--PERSONAL NAME
9 (RLIN) 23660
Personal name भारतेन्दु हरिश्चन्द्र
942 ## - ADDED ENTRY ELEMENTS (KOHA)
Source of classification or shelving scheme Dewey Decimal Classification
Item type Hindi Books
Classification part 822
Call number suffix दत्तवि
Holdings
Withdrawn status Lost status Source of classification or shelving scheme Damaged status Not for loan Collection code Home library Current library Date acquired Source of acquisition Cost, normal purchase price Total Checkouts Full call number Barcode Date last seen Copy number Cost, replacement price Koha item type Total Renewals
    Dewey Decimal Classification     Non-fiction Bawana Bawana 25/07/2011 आर.बी.सी/25026/4.3.11/82/15.3.11/8.6.11 225.00 1 822 दत्तवि B-440119 25/03/2021 1 225.00 Hindi Books  
    Dewey Decimal Classification     Non-fiction Bawana Bawana 25/07/2011 आर.बी.सी/25026/4.3.11/82/15.3.11/8.6.11 225.00 3 822 दत्तवि B-440121 07/12/2019 1 225.00 Hindi Books  
    Dewey Decimal Classification     Non-fiction Central Library Central Library 25/07/2011 आर.बी.सी/25026/4.3.11/82/15.3.11/8.6.11 225.00 17 822 दत्तवि B-440113 27/05/2024 1 225.00 Hindi Books 1
    Dewey Decimal Classification   Not For Loan Non-fiction D.B.Act.Division D.B.Act.Division 20/10/2010 DBAD / PUB 225.00   822 दत्तवि HN-63242 20/10/2010 1 225.00 Hindi Books  
    Dewey Decimal Classification     Non-fiction Janak Puri Janak Puri 25/07/2011 आर.बी.सी/25026/4.3.11/82/15.3.11/8.6.11 225.00 11 822 दत्तवि B-440116 15/12/2015 1 225.00 Hindi Books 1
    Dewey Decimal Classification     Non-fiction Narela Narela 25/07/2011 आर.बी.सी/25026/4.3.11/82/15.3.11/8.6.11 225.00   822 दत्तवि B-440120 25/07/2011 1 225.00 Hindi Books  
    Dewey Decimal Classification     Non-fiction Patel Nagar Patel Nagar 25/07/2011 आर.बी.सी/25026/4.3.11/82/15.3.11/8.6.11 225.00 6 822 दत्तवि B-440114 03/05/2025 1 225.00 Hindi Books  
    Dewey Decimal Classification     Non-fiction Peshwa Road Peshwa Road 25/07/2011 आर.बी.सी/25026/4.3.11/82/15.3.11/8.6.11 225.00   822 दत्तवि B-440115 25/07/2011 1 225.00 Hindi Books  
    Dewey Decimal Classification     Non-fiction Sarojini Nagar Sarojini Nagar 25/07/2011 आर.बी.सी/25026/4.3.11/82/15.3.11/8.6.11 225.00 2 822 दत्तवि B-440117 10/11/2023 1 225.00 Hindi Books 2
    Dewey Decimal Classification     Non-fiction Shahdara Branch Shahdara Branch 25/07/2011 आर.बी.सी/25026/4.3.11/82/15.3.11/8.6.11 225.00 8 822 दत्तवि B-440122 13/12/2024 1 225.00 Hindi Books 2
    Dewey Decimal Classification     Non-fiction Vinoba Puri Vinoba Puri 25/07/2011 आर.बी.सी/25026/4.3.11/82/15.3.11/8.6.11 225.00 5 822 दत्तवि B-440118 31/01/2025 1 225.00 Hindi Books  

© Delhi Public Library
Hit Counter
free hit counter